[Event "Olympiad-34"]
[Site "Istanbul"]
[Date "2000.10.31"]
[Round "4.3"]
[White "Dautov, Rustem"]
[Black "Polgar, Judit"]
[Result "1-0"]
[WhiteElo "2606"]
[BlackElo "2656"]
[Annotator "Dautov,R"]
[PlyCount "93"]
[EventDate "2000.10.28"]
[EventType "team-swiss"]
[EventRounds "14"]
[EventCountry "TUR"]
[SourceTitle "EXT 2001"]
[Source "ChessBase"]
[SourceDate "2000.11.22"]
[SourceVersion "1"]
[SourceVersionDate "2000.11.22"]
[SourceQuality "1"]
[WhiteTeam "Germany"]
[BlackTeam "Hungary"]
[WhiteTeamCountry "GER"]
[BlackTeamCountry "HUN"]

1. d4 Nf6 2. c4 e6 3. Nf3 b6 4. g3 Ba6 5. Qa4 Bb7 6. Bg2 c5 7. dxc5 Bxc5 8. O-O
O-O 9. Nc3 Ne4 $1 {Eine Überraschung für mich. Meine Hoffnung, in der
Hauptvariante} (9... Be7 10. Bf4 Na6 11. Rfd1 Nc5 12. Qc2 Qc8 13. Rac1 Nce4 14.
Nd4 Nxc3 15. Qxc3 a6 16. Qb3 Bxg2 17. Kxg2 Qb7+ 18. Qf3 {ein ruhiges Endspiel 
(immer ratsam gegen Judit) zu erreichen, hat sich nicht erfüllt.}) 10. Qc2 $1 (
10. Nxe4 Bxe4 11. Bf4 Qc8 $1 12. Rfd1 Rd8 13. Nd4 Bxg2 14. Kxg2 a6 15. Nb3 Be7
16. Bd6 Bxd6 17. Rxd6 Qc7 18. Rad1 h6 19. f3 Ra7 20. R6d2 Nc6 21. c5 b5 22. Qe4
Ne5 23. Rc2 Nc4 $15 {Huebner,R-Timman,J/Venlo 2000}) 10... Nxc3 11. Qxc3 d5 $5
{Judit spielt wie immer aktiv.} (11... Be7 $5 12. Bf4 d6 13. Rfd1 Qc7 14. Rac1
Rd8) 12. Rd1 Nd7 ({In Betracht kam} 12... d4 $5 {z..B.} 13. Qc2 (13. Nxd4 Bxg2
14. Kxg2 e5 15. Nf5 $1 Qxd1 16. Qxe5 f6 17. Qe6+ Rf7 (17... Kh8 $2 18. Bh6 $18)
18. Qe8+ Rf8 19. Qe6+ $11) 13... Nc6 14. a3 a5 15. e3 Ra7 $1 (15... Qf6 $2 16.
exd4 Nxd4 17. Rxd4 Bxd4 18. Bg5 $18) 16. exd4 Nxd4 17. Nxd4 Bxd4 18. Be3 e5 $11
) 13. Bg5 $1 {Provoziert die Schwächung durch f7-f6.} (13. cxd5 Bxd5 14. e4 (
14. Ne5 $2 Rc8 $17) 14... Bxe4 15. Ne5 Bd5 16. Bxd5 exd5 17. Rxd5 Qf6 18. Bf4
Nxe5 $11) 13... Qe8 $2 {Judit ihrerseits provoziert vor Bc5-e7 den Zug b2-b4.
Dieser Zug ist aber im Gegensatz zu f7-f6 keine Schwächung, sondern ein
wichtiger Tempogewinn!} (13... f6 14. Be3 Rc8 15. cxd5 Bxd5 16. Bxc5 Rxc5 (
16... Nxc5 17. Qe3 $14) 17. Qe3 $14) ({Die korrekte Verteidigung bestand in} 
13... Be7 $1 14. Bxe7 Qxe7 15. cxd5 Bxd5 16. Rac1 Nc5 $1 17. b4 Na4 $1 (17...
Ne4 18. Qb2 Rfc8 19. Ne5 $14) 18. Qc2 (18. Qa3 b5 19. Nd4 Bxg2 20. Kxg2 Rac8
$11) 18... b5 19. a3 (19. e4 Bb7 $11) 19... a5 $11) 14. cxd5 Bxd5 15. b4 Be7
16. Bxe7 Qxe7 17. Rac1 $14 {Eine typische damenindische Stellung. Weiß hat in
diesem Stellungstyp eigentlich nur eine, dafür aber sehr kraftvolle
strategische Idee, die Überführung seines Springers auf c6.} Rfd8 (17... a5 $2
18. Qc7 $16 {/\e4, /\Ne5}) (17... Nf6 18. Ne5 $14) 18. Nd4 Nf6 19. b5 Bxg2 20.
Kxg2 Rd5 21. Nc6 Qd7 22. Qc2 $1 {Der Damentausch im Zusammenhang mit der
Öffnung der a-Linie durch a7-a6 wäre eine willkommene Erleichterung für
Schwarz.} (22. Rxd5 $2 Qxd5+ 23. Qf3 Qxf3+ 24. Kxf3 a6 $11) 22... Qb7 23. a4 h6
24. e4 Rc5 25. Qd3 Rxc1 26. Rxc1 a6 27. Rc4 {/\Rd4} (27. Rd1 $5) 27... axb5 28.
axb5 Qc7 (28... Nd7 $6 29. Rd4 Nc5 30. Qd1 Qc7 31. e5 $16) 29. Rd4 $16 e5 $2 {
Leider gab es für Schwarz keine Alternative zum passiven Ausharren (Qb7-c7,
Kh8-g8). Der Plan von Weiß sollte in der Vorbereitung von h4, g4-g5 bestehen.
Es läßt sich schwer sagen, ob sein Vorteil zum Gewinn ausreichen wird.} 30. Rc4
Qd7 $2 {Stellt einen Bauern ein. Aber die schwarze Stellung war ohnehin durch
die neue Schwäche e5 schwer belastet.} (30... Kh8 31. Qc3 Re8 32. Ra4 Qd6 33.
Qc2 $1 $16 {/\Ra7}) 31. Nxe5 $18 {Das hat Judit übersehen, die weiße Dame ist
gedeckt.} (31. Qxd7 $2 Nxd7 32. Ne7+ Kh7 33. Rc6 Ra2 $132) (31. Qc2 $2 Qd6 $11)
31... Qe6 $6 (31... Qxd3 32. Nxd3 Ra5 33. Rb4 Ne8 34. Ne5 Nc7 (34... Nd6 $2 35.
Nc6 Rxb5 36. e5 $3 Rxb4 37. exd6 $18) 35. Rc4 (35. Nc4 Rxb5 36. Rxb5 Nxb5 37.
Nxb6) 35... Rxb5 36. Nxf7 $18) 32. Nc6 Ra2 33. e5 Qd5+ (33... Ng4 $2 34. Ne7+
Qxe7 35. Rc8+ $18) 34. Qxd5 Nxd5 35. Rd4 Nc3 36. Rd8+ Kh7 37. Rd7 {Weiß
gewinnt den Bauern f7. Der Rest ist nicht schwer.} (37. Rf8 $18) 37... Nxb5 38.
Rxf7 Rc2 39. Nb4 Re2 40. Nd3 Na3 41. Kf3 Rc2 42. e6 Rc8 43. Ke4 Re8 44. Kd5 b5
45. Rb7 Nc2 46. e7 Kg6 47. Ke6 1-0

[Event "Olympiad-34"]
[Site "Istanbul"]
[Date "2000.11.07"]
[Round "10.2"]
[White "Dautov, Rustem"]
[Black "Lputian, Smbat G"]
[Result "1-0"]
[WhiteElo "2606"]
[BlackElo "2598"]
[Annotator "Dautov,R"]
[PlyCount "83"]
[EventDate "2000.10.28"]
[EventType "team-swiss"]
[EventRounds "14"]
[EventCountry "TUR"]
[SourceTitle "EXT 2001"]
[Source "ChessBase"]
[SourceDate "2000.11.22"]
[SourceVersion "1"]
[SourceVersionDate "2000.11.22"]
[SourceQuality "1"]
[WhiteTeam "Germany"]
[BlackTeam "Armenia"]
[WhiteTeamCountry "GER"]
[BlackTeamCountry "ARM"]

1. d4 e6 2. c4 d5 3. Nc3 Be7 4. cxd5 exd5 5. Bf4 c6 6. e3 Bf5 7. g4 Be6 8. h4
c5 $5 (8... Nf6 9. g5 $1 Ne4 10. Bd3 Qa5 11. Kf1 Nxc3 12. bxc3 Nd7 13. Ne2
O-O-O 14. a4 h6 15. gxh6 gxh6 16. Ng3 Nb6 17. Nf5 Bf8 18. Qc2 Nc4 19. Rg1 $16 {
Georgiev,K-Lputian,S/Istanbul olm (6) 2000.}) (8... Nd7) 9. Be5 $1 (9. dxc5
Bxc5 10. Nge2 Ne7 (10... Nc6 $5) 11. Nd4 Nbc6 12. Nxe6 fxe6 13. Bg2 O-O $11 {
Flear,G-Beliavsky,A/Szirak (izt) 1987}) (9. Nb5 Na6 $13) (9. Bxb8 $6 Rxb8 10.
Qa4+ Kf8 11. dxc5 Bxc5 12. O-O-O Ne7 $13) 9... Bf6 $6 {Nicht die beste
Reaktion auf den Läuferausfall. Schwarz verliert ein wichtiges Tempo.} (9...
Nf6 $2 10. g5 Ng4 (10... Ne4 $2 11. Bxg7 Rg8 12. Be5 $16) 11. Bxb8 $1 (11. Bxg7
Rg8 $44) 11... Rxb8 12. Qd2 $1 {/\f3} (12. Bb5+ Kf8 13. Nh3 $14) 12... Qc7 13.
Bb5+ Kf8 14. f3 a6 15. Bd3 $16 {, und der schwarze Springer ist gefangen.}) (
9... f6 $2 10. Bxb8 Rxb8 11. Nh3 Qb6 12. Bb5+ Kf7 13. Qf3 $1 (13. Nf4 cxd4 $13)
13... h6 $2 (13... cxd4 14. Ng5+ Kf8 15. Qf4 Rd8 16. Nxe6+ Qxe6 17. Qxd4 $16)
14. Nf4 cxd4 15. Nfxd5 Qc5 16. exd4 Qxd4 17. Nf4 Bb4 18. O-O $16) (9... Kf8 $1
{ist die beste Antwort.}) 10. Bxb8 Rxb8 (10... cxd4 $2 {scheitert taktisch:}
11. g5 $1 dxc3 (11... Be7 12. Qxd4 $18) 12. gxf6 cxb2 (12... Qxf6 13. Bb5+ $18)
13. fxg7 Qa5+ 14. Ke2 bxa1=Q 15. Qxa1 $18) 11. g5 Be7 12. Bg2 {Nun steht der
weiße Bauer auf g5 und die Entwicklung des schwarzen Königsflügels ist
ernsthaft verlangsamt. Der Nachziehende kommt nicht umhin, h7-h6 zu spielen,
um die Entwicklungsfelder für seinen Springer freizubekommen.} h6 13. Nge2 $1 {
Die schnelle Entwicklung ist von entscheidender Bedeutung!} (13. Qa4+ Kf8 14.
Qxa7 Ra8 $1 15. Qxb7 Rb8 $132) (13. f4 hxg5 14. hxg5 Rxh1 15. Bxh1 Qa5 16. Nge2
Rd8 $132) 13... hxg5 14. hxg5 Rxh1+ 15. Bxh1 Bxg5 (15... Qa5 16. Nf4 Rd8 17.
Nxe6 fxe6 18. Qh5+ Kf8 19. Qg4 Qb6 20. O-O-O $16) (15... Qb6 16. dxc5 Qxc5 (
16... Qxb2 17. Rb1 Qa3 18. Qd4 Kf8 19. c6 $16) (16... Bxc5 17. Bxd5 Qxb2 18.
Rb1 Qa3 19. Bxe6 fxe6 20. Qd3 Ne7 21. Qe4 $16) 17. Qa4+ (17. Nd4 $5) 17... Kf8
18. Rc1 $36) 16. Qa4+ $1 (16. dxc5 $2 Qa5 {würde Schwarz ein gutes Gegenspiel
ermöglichen.}) 16... Kf8 $1 (16... b5 $2 17. Qxa7 b4 (17... cxd4 18. Nxd4 $16)
18. Nxd5 $18) 17. dxc5 Ne7 $1 (17... a6 18. Rd1 Ne7 (18... Qc7 19. Bxd5 $16)
19. e4 Bd7 20. Qa3 d4 (20... dxe4 $2 21. Nxe4 Bh6 22. c6 bxc6 23. Nc5 $18) 21.
Nxd4 $16) 18. Qxa7 Nc6 $2 ({Wesentlich mehr Gegenchancen versprach} 18... Qc7
$1 {, mit der Idee Qh2 und Bh4.}) 19. Qb6 $16 Qf6 (19... Qxb6 20. cxb6 Ne5 21.
Rd1 $16) 20. Qc7 $1 {Die weiße Dame kehrt zurück, um den eigenen König zu
verteidigen.} (20. Nxd5 $2 Bxd5 21. Bxd5 Bh4 22. Nf4 Re8 23. Kf1 g5 $40) (20.
Rd1 Bh4 21. Nf4 g5 $132) 20... Rc8 21. Qh2 $1 ({Zu gefährlich wäre} 21. Qxb7 $2
Ne5 $1 22. Nxd5 (22. f4 $2 Bh4+ {/\Nc4}) 22... Nf3+ 23. Kf1 (23. Kd1 $2 Qf5 $40
) (23. Bxf3 $2 Qxf3 $40) 23... Nd2+ 24. Kg1 Nf3+ 25. Kg2 $2 (25. Kf1 $11) 25...
Qf5 $17) 21... Nb4 22. Rd1 $1 Kg8 (22... Rxc5 {erlaubt Weiß den Übergang in
ein vielversprechendes Endspiel:} 23. Qd6+ Qe7 24. Qxe7+ Bxe7 25. a3 Nc6 26.
Bxd5 $16) 23. a3 Nc2+ 24. Kd2 Nd4 (24... Qg6 25. f4 Bh6 26. Qg1 $18) 25. Nxd4
$2 ({Es gab einen taktischen Gewinn:} 25. f4 $1 Nb3+ (25... Nxe2 26. fxg5 $18)
26. Kc2 Bh6 (26... Nxc5 27. fxg5 Qg6+ 28. Kd2 Qd3+ 29. Ke1 Qxe3 30. Qg3 $18)
27. Kxb3 d4+ 28. Nd5 $18) 25... Qxd4+ 26. Ke1 Qxc5 27. Bxd5 {Endlich gewinnt
Weiß den schwachen Bauern d5. In arge Zeitnot geraten, leistet Smbat keinen
ernsthaften Widerstand.} Qb6 (27... Bf6 28. Ne4 Qa5+ 29. b4 Qxa3 30. Nxf6+ gxf6
31. Qg3+ Kf8 32. Qd6+ $18) (27... Bxd5 28. Rxd5 Qe7 29. Qh3 $16) 28. Bxe6 Qxe6
29. Qg2 $1 Bf6 $2 ({Zäher war} 29... Bh4 $1 30. Qe4 $1 Qxe4 (30... Qh3 31. Ke2
Bf6 32. Rh1 Qe6 33. Qxe6 fxe6 34. Rc1 $18) 31. Nxe4 Re8 $1 32. Rd4 f5 33. Nc5
Rxe3+ 34. Kf1 Re5 35. Nxb7 Bf6 36. b4 $18) 30. Qxb7 $18 Bxc3+ 31. bxc3 Rxc3 32.
Qb8+ Kh7 (32... Rc8 33. Rd8+ Rxd8 34. Qxd8+ Kh7 35. a4 $18) 33. Qh2+ Qh6 34.
Qxh6+ gxh6 35. Ra1 {Das Turmendspiel ist gewonnen.} h5 $2 ({Besser war} 35...
Rc5 36. a4 Ra5 37. Kd2 h5 38. Kc3 Kg6 39. Kb4 Ra8 40. a5 h4 41. a6 Kg5 42. Kb5
Kg4 43. Ra4+ Kg5 44. Kb6 h3 45. Ra1 Re8 (45... Kg4 46. Rg1+ Kh4 47. Rg7 $18)
46. a7 h2 47. Rh1 Re6+ 48. Kb5 Re5+ 49. Kb4 Re4+ 50. Kb3 Re8 51. Rxh2 Ra8 52.
f4+ Kf5 53. Ra2 $18) 36. a4 Rc6 37. a5 Ra6 38. Kf1 Kg6 39. Kg2 Kg5 40. Kh3 f6
41. f4+ Kg6 42. e4 1-0

[Event "Olympiad-34"]
[Site "Istanbul"]
[Date "2000.11.12"]
[Round "14.3"]
[White "Dautov, Rustem"]
[Black "Hodgson, Julian M"]
[Result "1-0"]
[WhiteElo "2606"]
[BlackElo "2640"]
[Annotator "Dautov,R"]
[PlyCount "69"]
[EventDate "2000.10.28"]
[EventType "team-swiss"]
[EventRounds "14"]
[EventCountry "TUR"]
[SourceTitle "EXT 2001"]
[Source "ChessBase"]
[SourceDate "2000.11.22"]
[SourceVersion "1"]
[SourceVersionDate "2000.11.22"]
[SourceQuality "1"]
[WhiteTeam "Germany"]
[BlackTeam "England"]
[WhiteTeamCountry "GER"]
[BlackTeamCountry "ENG"]

1. d4 Nf6 2. c4 c6 3. Nc3 d5 4. e3 a6 5. Qc2 g6 6. Nf3 Bg7 7. Bd3 O-O 8. O-O
Bg4 9. Ne5 Be6 10. b3 (10. Bd2 dxc4 11. Nxc4 b5 12. Ne5 c5 13. dxc5 Qc7 14. Nf3
Qxc5 $11 {Olafsson,H-Rogozenko,D/Istanbul olm 2000}) (10. cxd5 Nxd5 11. Nxd5
cxd5 $11) 10... c5 $1 (10... Nbd7 $6 11. Nxd7 Nxd7 12. Bb2 Rc8 13. Rfc1 f6 14.
e4 Bf7 15. Qe2 dxe4 16. Nxe4 $16 {Ftacnik,L-Agdestein,S/Bundesliga 99/00}) 11.
Ne2 $5 $146 {Eine Neuerung. Die Hauptidee besteht darin, daß Weiß sein Zentrum
nicht auflösen will und bereit ist, mit hängenden Bauern zu spielen.} (11. cxd5
Nxd5 12. Nxd5 Bxd5 13. Bb2 (13. Qxc5 Bxe5 14. dxe5 Bxg2 15. Rd1 $11) 13... cxd4
14. Bxd4 Bxg2 15. Kxg2 Bxe5 16. Bxe5 Qd5+ 17. Be4 Qxe5 18. Bxb7 Ra7 $15 {
Wells,P-Hodgson,J/Bundesliga 99/00}) (11. dxc5 Qc7 $11) 11... dxc4 (11... cxd4
12. exd4 Nc6 13. Nxc6 bxc6 14. Re1 $14) (11... Nfd7 $5 12. Nxd7 Nxd7 13. cxd5
Bxd5 14. e4 Be6 15. Bb2 cxd4 16. Nxd4 Bg4 $1 $11) 12. bxc4 Nfd7 (12... Nc6 13.
Nxc6 bxc6 14. Rb1 $14) (12... Nbd7 $5 13. Nf4 cxd4 14. exd4 Nxe5 15. dxe5 Ng4
16. Nxe6 fxe6 17. Rb1 Nxe5 18. Be4 $44 {, und die Schwächen e7+e6 kompensieren
den geopferten weißen Bauern.}) 13. Nxd7 (13. Nf4 $6 Nxe5 14. Nxe6 fxe6 15.
dxe5 Nc6 16. Be4 Bxe5 17. Rb1 Qc7 $15) 13... Bxd7 $5 {Julian behandelt die
Stellung weiter auf die grünfeld-indische Art. Der schwarze Springer wird auf
einen aktiven Posten c6 entwickelt, wofür Schwarz bereit ist, einen Bauern zu
geben.} (13... Nxd7 14. Bb2 cxd4 15. exd4 Rc8 (15... b5 16. c5 $14) 16. d5 Bxb2
17. Qxb2 (17. dxe6 $2 Bxa1 18. exd7 Qxd7 19. Rxa1 Rfd8 20. Rd1 b5 $15) 17...
Nc5 18. Bc2 Bd7 $14) 14. Rb1 Nc6 (14... cxd4 $5 15. exd4 b5 (15... Nc6 16. d5
Na5 17. Be3 $16) 16. Be4 Ra7 17. Bf4 Nc6 18. d5 Na5 19. c5 $14) 15. dxc5 {
Ähnliche Stellungen sieht man häufig in den Hauptvarianten des
Grünfeld-Indisch. Schwarz hat einen Bauern weniger und eine Schwäche auf b7,
dafür ist der weiße Doppelbauer sehr anfällig.} Rb8 $1 {Mit der Idee Qa5.} (
15... Qc7 $2 16. Nc3 Ne5 17. Nd5 Qxc5 18. Rxb7 e6 19. Rc7 $1 Qd6 20. c5 $3 Qxd5
21. Be4 Qc4 22. Qxc4 Nxc4 23. Bxa8 Rxa8 24. Rxd7 $18) 16. Bd2 (16. Rb6 $5 Ne5
$1 (16... Qc7 17. Nf4 $1 e6 (17... Ne5 $2 18. Nd5 Qxc5 19. Qb3 Nxd3 20. Ba3 $16
) 18. Ba3 $14) 17. Nf4 (17. Bb2 Qc7 (17... Bc6 18. Bxe5 Bxe5 $44) 18. Rb1 Qxc5
19. Bxe5 Bxe5 20. Rxb7 Rxb7 21. Rxb7 Bc6 22. Rb1 Rd8 $44) 17... Bc6 18. Ba3 Nd7
19. Rbb1 e6 20. Be4 Qc7 21. Bxc6 Qxc6 22. Rfd1 Rfc8 $1 (22... Nxc5 $2 23. Nd3
b6 24. Rxb6 $1 Rxb6 25. Bxc5 $16) 23. Nd3 Qe4 $1 $11 {/\Bf8}) 16... Ne5 17. Be4
Qc7 18. Bb4 Be6 $1 (18... Ng4 19. Nf4 $1 (19. g3 Qe5 $132) 19... g5 20. Bxh7+
Kh8 21. h3 gxf4 22. hxg4 fxe3 23. Bf5 exf2+ 24. Qxf2 $16) (18... Rfd8 19. Nf4
e6 20. Rfd1 Bf8 21. Qc3 $1 {/\Ba5} Bxc5 22. Bxc5 Qxc5 23. Bxb7 $16) 19. Nf4 $1
({Wenn Weiß auf Gewinn spielen will, muß er den Bauern zurückgeben.} 19. Bd5
Bf5 20. Be4 (20. e4 $2 Bc8 {/\e6}) 20... Be6) 19... Bxc4 20. Rfd1 Rfd8 $2 {
Hodgson erkennt nicht rechtzeitig die Gefahren, die auf ihn lauern. Schwarz
hat in der Diagrammstellung ein schwerwiegendes Problem, seinen hängenden Bc4.}
(20... e6 $2 21. c6 $18) (20... b5 $2 21. cxb6 Rxb6 22. Ba5 $18) ({Richtig war
} 20... Rfc8 $1 {Nun ist} 21. h4 $1 {(R.Hübner) der beste weiße Versuch.} (21.
a4 $2 b5 $1 22. cxb6 Qxb6 23. Bxe7 Bb3 24. Qd2 Nc4 25. Qd7 Nxe3 $1 $132) (21.
Bc3 $6 Qxc5 22. Bxb7 Rc7 23. Bd4 Qa3 24. Bd5 Rbc8 $11) (21. Rd4 $6 b5 $1 22.
cxb6 Qxb6 $15) 21... Bf6 $1 (21... b5 $2 22. cxb6 Qxb6 23. Bxe7 $16) (21... a5
$2 22. Ba3) (21... e6 $2 22. c6 bxc6 23. Bd6 Rxb1 24. Bxc7 Rxd1+ 25. Qxd1 Rxc7
26. Qd8+ $18) 22. h5 e6 $1 {Endlich ist dieser Zug möglich!} (22... Rd8 $2 23.
hxg6 hxg6 24. Bc3 $1 Bb5 25. Bd4 $1 {/\Nd5} Bc6 26. Bxg6 $1 Nxg6 27. Nxg6 $16)
23. hxg6 hxg6 24. c6 bxc6 25. Bd6 Rxb1 26. Bxc7 Rxd1+ 27. Qxd1 Rxc7 $11 {
, und Schwarz ereicht eine befriedigende Stellung mit ausreichender
Kompensation für die Dame.}) 21. Bc3 $1 {Das hat mein Gegner übersehen. Nun
hat Schwarz einen schweren Stand.} Bb5 $2 (21... Qxc5 $2 {verliert eine Figur:}
22. Bxe5 Bxe5 23. Nd3 $18) (21... b5 $2 22. cxb6 Rxb6 (22... Rxd1+ 23. Rxd1
Rxb6 24. Ba5 $18) 23. Rxd8+ Qxd8 24. Rxb6 Qxb6 25. Bxe5 $18) ({Am zähesten war
} 21... Rxd1+ 22. Rxd1 Be6 $1 (22... Bb5 $2 23. Nd5 Qd7 24. Bxe5 $1 Bxe5 25.
Nf6+ Bxf6 26. Rxd7 Bxd7 27. Qb3 Rc8 28. Qb6 Bc6 29. Bxc6 Rxc6 30. Qa7 $18 {
/\g3,Kg2, a4-a5,Qxb7.}) 23. Nxe6 fxe6 24. Qb3 Kf7 25. Bd4 $16) 22. Nd5 $18 Rxd5
(22... Qxc5 $2 23. Bxe5 Qxc2 24. Nxe7+ {Die Pointe. Weiß schlägt die
gegnerische Dame nicht sofort, sondern nach zwei Zwischenschachs.} Kf8 25.
Bxg7+ Kxg7 26. Bxc2 $18) (22... Qd7 23. Bxe5 Bxe5 24. Nf6+ exf6 25. Rxd7 Rxd7
26. f4 Bc7 27. a4 Bc6 28. Bxc6 bxc6 29. Rxb8+ Bxb8 30. Qe4 $18) 23. Rxd5 ({Oder
} 23. Bxd5 Ng4 24. g3 Qxc5 25. Rbc1 Rc8 (25... e6 26. Bf3 $18) 26. Bxb7 $18)
23... Ng4 24. g3 Bc6 25. Rdd1 Nxe3 ({Oder} 25... Bxe4 26. Qxe4 Nxf2 27. Kxf2
Bxc3 28. Rdc1 $1 Bf6 29. c6 bxc6 (29... b5 30. Rd1 $18) 30. Qxc6 $18) 26. fxe3
Bxe4 27. Qxe4 Bxc3 28. c6 (28. Rdc1 $18) 28... bxc6 29. Rxb8+ Qxb8 30. Qxe7 Qb4
(30... Kg7 31. Rf1 $18) 31. Qxb4 {Das Endspiel ist leicht gewonnen.} Bxb4 32.
Kf2 Kg7 33. Ke2 Kf6 34. Kd3 Ke5 35. Kc4 1-0